000 00389cam a2200169ua 4500
041 _amal
_h
082 _a894.8122
_bNAI/PU
100 _aNair, S K .
_95970
245 _aPurana Veedhi: Laghunatakangal /
_cS K Nair.
_hTextual Documents
260 _aThrissur :
_bCurrent Books ,
_c1992.
300 _a140 ; .
504 _a
942 _cBK
999 _c50
_d50
003 @
003 OSt